Every WWE PPV Main Event - Statistics

General Stats
  • This quiz has been taken 292 times
    231 since last reset
  • The average score is 376 of 498
Answer Stats
PPV Name Stipulation Championship Wrestler % Correct
WWF WrestleMania 9 Singles Match WWF World Heavyweight Championship Hulk Hogan VS Yokozuna
90%
WWF WrestleMania 6 Winner Takes All Match WWF World Heavyweight Championship & WWF Intercontinental Championship The Ultimate Warrior VS Hulk Hogan
90%
WWF Royal Rumble 1990 30-Man Royal Rumble Match Winner: Hulk Hogan
89%
WWF Royal Rumble 1991 30-Man Royal Rumble Match Winner: Hulk Hogan
89%
WWE SummerSlam 2023 Tribal Combat Undisputed WWE Universal Championship Roman Reigns VS Jey Uso
89%
WWE Night of Champions 2023 Tag Team Match Undisputed WWE Tag Team Championhip Sami Zayn & Kevin Owens VS Roman Reigns & Solo Sikoa
88%
WWF Backlash 2002 Singles Match Undisputed WWF Championship "Hollywood" Hulk Hogan VS Triple H
87%
WWE Crown Jewel 2023 Singles Match Undisputed WWE Universal Championhip Roman Reigns VS LA Knight
87%
WWE TLC: Tables, Ladders, & Chairs 2009 Tag Team Tables, Ladders, and Chairs Match Unified WWE Tag Team Championships Jeri-Show VS D-Generation X
86%
WWE Backlash 2007 Fatal Four-Way Match WWE Championship John Cena VS Shawn Michaels VS Edge VS Randy Orton
86%
WWE Survivor Series 2009 Triple Threat Match WWE Championship John Cena VS Triple H vs Shawn Michaels
86%
WWE Payback 2023 Singles Match World Heavyweight Championship Seth "Freakin" Rollins VS Shinsuke Nakamura
86%
WWE SummerSlam 2005 Singles Match Shawn Michaels VS Hulk Hogan
86%
WWE Armageddon 2002 Three Stages of Hell Match World Heavyweight Championship Shawn Michaels VS Triple H
86%
WWE SummerSlam 2003 Elimination Chamber Match World Heavyweight Championship Triple H VS Goldberg VS Shawn Michaels VS Chris Jericho VS Randy Orton VS Kevin Nash
86%
WWE Bad Blood 2004 Hell in a Cell Match Triple H VS Shawn Michaels
86%
WWE WrestleMania 20 Triple Threat Match World Heavyweight Championship Triple H VS Shawn Michaels VS Chris Benoit
86%
WWE Backlash 2004 Triple Threat Match World Heavyweight Championship Triple H VS Shawn Michaels VS Chris Benoit
86%
WWE No Way Out 2008 Elimination Chamber Match Triple H VS Shawn Michaels VS Jeff Hardy VS Chris Jericho VS John Bradshaw Layfield VS Umaga
86%
WWE Crown Jewel 2018 Tag Team Match D-Generation X VS The Brothers of Destruction
85%
WWE Judgement Day 2002 Singles Match WWE Undisputed Championship "Hollywood" Hulk Hogan VS The Undertaker
85%
WWE No Way Out 2007 Tag Team Match John Cena & Shawn Michaels VS Batista & The Undertaker
85%
WWE WrestleMania 23 Singles Match WWE Championship John Cena VS Shawn Michaels
85%
WWE Taboo Tuesday 2005 Triple Threat Match WWE Championship John Cena VS Shawn Michaels VS Kurt Angle
85%
WWF No Mercy 1999 (May) (UK Exclusive) Triple Threat No Holds Barred Match WWF Championship "Stone Cold" Steve Austin VS The Undertaker VS Triple H
85%
WWF Backlash 2001 Winner Takes All Tag Team Match WWF Championship, WWF Intercontinental Championship, & WWF Tag Team Championship The Two Man Power Trip VS The Brothers of Destruction
85%
WWF Insurrextion 2001 (UK Exclusive) 2-on-1 Handicap Match WWF Championship The Two Man Power Trip VS The Undertaker
85%
WWF: This Tuesday in Texas Singles Match WWF World Heavyweight Championship The Undertaker VS Hulk Hogan
85%
WWF Insurrextion 2002 (UK Exclusive) Singles Match The Undertaker VS Triple H
85%
WWE Super Show-Down 2018 No DQ Match The Undertaker VS Triple H
85%
WWE Survivor Series 2002 Elimination Chamber Match World Heavyweight Championship Triple H VS Shawn Michaels VS Rob Van Dam VS Kane VS Booker T VS Chris Jericho
85%
WWE King of the Ring 2002 Singles Match WWE Undisputed Championship Triple H VS The Undertaker
85%
WWE Armageddon 2007 Triple Threat Match World Heavyweight Championship Batista VS The Undertaker VS Edge
84%
WWE WrestleMania 24 Singles Match World Heavyweight Championship Edge VS The Undertaker
84%
WWE Armageddon 2003 Triple Threat Match World Heavyweight Championship Goldberg VS Triple H VS Kane
84%
WWE No Way Out 2003 Singles Match Hulk Hogan VS The Rock
84%
WWE Backlash 2006 Triple Threat Match WWE Championship John Cena VS Triple H VS Edge
84%
WWF Armageddon 2000 6-Man Hell in a Cell Match WWF Championship Kurt Angle VS "Stone Cold" Steve Austin VS The Rock VS The Undertaker VS Triple H VS Rikishi
84%
WWF Armageddon 1999 No Holds Barred/Falls Count Anywhere Match Mr. McMahon VS Triple H
84%
WWE New Year's Revolution 2005 Elimination Chamber Match World Heavyweight Championship Randy Orton VS Chris Benoit VS Chris Jericho VS Triple H VS Batista VS Edge
84%
WWF SummerSlam 1999 Triple Threat Match WWF Championship "Stone Cold" Steve Austin VS Mankind VS Triple H
84%
WWF Survivor Series 2000 No DQ Match "Stone Cold" Steve Austin VS Triple H
84%
WWE SummerSlam 2010 14-Man Tag Team Elimination Match Team WWE VS The Nexus
84%
WWF King of the Ring 2000 Six-Man Tag Team Match WWF Championship The McMahon-Helmsley Faction VS The Rock, The Undertaker & Kane
84%
WWE One Night Stand 2008 Tables, Ladders, and Chairs Match World Heavyweight Championship The Undertaker VS Edge
84%
WWE SummerSlam 2008 Hell in a Cell Match The Undertaker VS Edge
84%
WWE The Great American Bash 2008 Singles Match WWE Championship Triple H VS Edge
84%
WWE Armageddon 2008 Triple Threat Match WWE Championship Triple H VS Edge VS Jeff Hardy
84%
WWE Insurrextion 2003 (UK Exclusive) Street Fight World Heavyweight Championship Triple H VS Kevin Nash
84%
WWE Badd Blood 2003 Hell in a Cell Match World Heavyweight Championship Triple H VS Kevin Nash
84%
WWF No Mercy 1999 (October) No Holds Barred Match WWF Championship Triple H VS "Stone Cold" Steve Austin
84%
WWF In Your House (September) 1995 Winner Takes All Tag Team Match WWF World Heavyweight Championship, WWF Intercontinental Championship, & WWF Tag Team Championship 2 Dudes with Attitudes VS Yokozuna & The British Bulldog
83%
WWF Survivor Series 1992 Singles Match WWF World Heavyweight Championship Bret "The Hitman" Hart VS Shawn Michaels
83%
WWF Survivor Series 1997 Singles Match WWF World Heavyweight Championship Bret "The Hitman" Hart VS Shawn Michaels
83%
WWE Extreme Rules 2013 Steel Cage Match Brock Lesnar VS Triple H
83%
WWF Royal Rumble 2002 30-Man Royal Rumble Match Winner: Triple H
83%
WWE Royal Rumble 2016 30-Man Royal Rumble Match WWE World Heavyweight Championship Winner: Triple H
83%
WWE Vengeance 2004 Singles Match World Heavyweight Championship Chris Benoit VS Triple H
83%
WWE No Mercy 2008 Ladder Match World Heavyweight Championship Chris Jericho VS Shawn Michaels
83%
WWF WrestleMania X8 Singles Match Undisputed WWF Championship Chris Jericho VS Triple H
83%
WWE Survivor Series 2003 Singles Match World Heavyweight Championship Goldberg VS Triple H
83%
WWE Money in the Bank 2012 Five-Man Money in the Bank Ladder Match Money in the Bank Contract John Cena VS Kane VS Big Show VS Chris Jericho VS The Miz
83%
WWE Fatal 4-Way 2010 Fatal 4-Way Match WWE Championship John Cena VS Randy Orton VS Edge VS Sheamus
83%
WWE Backlash 2008 Fatal Four-Way Elimination Match WWE Championship John Cena VS Randy Orton VS Triple H VS John Bradshaw Layfield
83%
WWE No Way Out 2009 Elimination Chamber Match World Heavyweight Championship John Cena VS Rey Mysterio VS Chris Jericho VS Kane VS Mike Knox VS Edge
83%
WWE Money in the Bank 2014 Eight-Man Money in the Bank Ladder Match WWE World Heavyweight Championship John Cena VS Roman Reigns VS Sheamus VS Randy Orton VS Kane VS Bray Wyatt VS Cesaro VS Alberto Del Rio
83%
WWE Night of Champions 2010 Six-Pack Challenge WWE Championship John Cena VS Sheamus VS Randy Orton VS Edge VS Chris Jericho VS Wade Barrett
83%
WWE WrestleMania 28 Singles Match John Cena vs The Rock
83%
WWE WrestleMania 22 Singles Match WWE Championship John Cena VS Triple H
83%
WWE Vengeance 2002 Triple Threat Match WWE Undisputed Championship Kurt Angle VS The Undertaker VS The Rock
83%
WWE Armageddon 2005 Hell in a Cell Match Randy Orton VS The Undertaker
83%
WWE Judgement Day 2008 Steel Cage Match WWE Championship Randy Orton VS Triple H
83%
WWE WrestleMania 33 No Holds Barred Match Roman Reigns VS The Undertaker
83%
WWF In Your House: International Incident 6-Man Tag Team Match Shawn Michaels, Sycho Sid & Ahmed Johnson VS Camp Cornette
83%
WWF WrestleMania 12 60-Minute Iron Man Match WWF World Heavyweight Championship Shawn Michaels VS Bret "The Hitman" Hart
83%
WWF In Your House: Beware of Dog Singles Match WWF World Heavyweight Championship Shawn Michaels VS The British Bulldog
83%
WWF King of the Ring 1996 Singles Match WWF World Heavyweight Championship Shawn Michaels VS The British Bulldog
83%
WWE WrestleMania 26 No Countout, No DQ Match Shawn Michaels VS The Undertaker
83%
WWF WrestleMania 14 Singles Match WWF World Heavyweight Championship "Stone Cold" Steve Austin VS Shawn Michaels
83%
WWE Survivor Series 2014 5-on-5 Survivor Series Match Team Cena VS Team Authority
83%
WWF Survivor Series 2001 5-on-5 Survivor Series Match Team WWF VS Team Alliance
83%
WWF One Night Only 1997 (UK/Canada Exclusive) Singles Match WWF European Championship The British Bulldog VS Shawn Michaels
83%
WWF SummerSlam 1988 Tag Team Match The Mega Powers VS The Mega Bucks
83%
WWE Survivor Series 2011 Tag Team Match The Rock & John Cena VS The Awesome Truth
83%
WWE WrestleMania 29 Singles Match WWE Championship The Rock VS John Cena
83%
WWF Unforgiven 1999 6-Pack Challenge Vacant WWF Championship The Rock VS Mankind VS Kane VS Triple H VS Big Show VS The British Bulldog
83%
WWF Unforgiven 2000 Fatal Four-Way Match WWF Championship The Rock VS The Undertaker VS Chris Benoit VS Kane
83%
WWF Judgement Day 2000 60-Minute Iron Man Match WWF Championship The Rock VS Triple H
83%
WWF Ground Zero: In Your House Singles Match The Undertaker VS Shawn Michaels
83%
WWF Badd Blood: In Your House Hell in a Cell Match The Undertaker VS Shawn Michaels
83%
WWF Royal Rumble 1998 Casket Match WWF World Heavyweight Championship The Undertaker VS Shawn Michaels
83%
WWE WrestleMania 21 Singles Match World Heavyweight Championship Triple H VS Batista
83%
WWE Backlash 2005 Singles Match World Heavyweight Championship Triple H VS Batista
83%
WWE Vengeance 2005 Hell in a Cell Match World Heavyweight Championship Triple H VS Batista
83%
WWE SummerSlam 2012 Singles Match Triple H VS Brock Lesnar
83%
WWF No Way Out 2000 Hell in a Cell Match WWF Championship Triple H VS Cactus Jack
83%
WWE Night of Champions 2011 No DQ Match Triple H VS CM Punk
83%
WWE Roadblock (March) 2016 (Network Exclusive) Singles Match WWE World Heavyweight Championship Triple H VS Dean Ambrose
83%
WWE Unforgiven 2003 Singles Match World Heavyweight Championship Triple H VS Goldberg
83%
WWE Night of Champions 2008 Singles Match WWE Championship Triple H VS John Cena
83%
WWE Unforgiven 2004 Singles Match World Heavyweight Championship Triple H VS Randy Orton
83%
WWE No Mercy 2007 Last Man Standing Match WWE Championship Triple H VS Randy Orton
83%
WWE WrestleMania 25 Singles Match WWE Championship Triple H VS Randy Orton
83%
WWE The Bash 2009 Three Stages of Hell Match WWE Championship Triple H VS Randy Orton
83%
WWE WrestleMania 32 Singles Match WWE World Heavyweight Championship Triple H VS Roman Reigns
83%
WWF Rebellion 1999 (UK Exclusive) Steel Cage Match WWF Championship Triple H VS The Rock
83%
WWF Backlash 2000 Singles Match WWF Championship Triple H VS The Rock
83%
WWF Survivor Series 1999 Triple Threat Match WWF Championship Triple H VS The Rock VS Big Show
83%
WWF SummerSlam 2000 Triple Threat Match WWF Championship Triple H VS The Rock VS Kurt Angle
83%
WWF WrestleMania 2000 Fatal Four-Way Elimination Match WWF Championship Triple H VS The Rock VS Mick Foley VS Big Show
83%
WWF Insurrextion 2000 (UK Exclusive) Triple Threat Match WWF Championship Triple H VS The Rock VS Shane McMahon
83%
WWE Cyber Sunday 2007 Singles Match World Heavyweight Championship Batista VS The Undertaker
82%
WWE Survivor Series 2007 Hell in a Cell Match World Heavyweight Championship Batista VS The Undertaker
82%
WWF In Your House: Final Four Final Four Match Vacant WWF World Heavyweight Championship Bret "The Hitman" Hart VS The Undertaker VS "Stone Cold" Steve Austin VS Vader
82%
WWF Fully Loaded: In Your House Tag Team Match WWF Tag Team Championship Mankind & Kane VS "Stone Cold" Steve Austin & The Undertaker
82%
WWE Survivor Series 2004 4-on-4 Survivor Series Match Randy Orton, Chris Benoit, Chris Jericho & Maven VS Evolution & Gene Snitsky
82%
WWF In Your House: Good Friends, Better Enemies No Holds Barred Match WWF World Heavyweight Championship Shawn Michaels VS Diesel
82%
WWF In Your House: Mind Games Singles Match WWF World Heavyweight Championship Shawn Michaels VS Mankind
82%
WWF Survivor Series 1996 Singles Match WWF World Heavyweight Championship Shawn Michaels VS Sycho Sid
82%
WWF Royal Rumble 1997 Singles Match WWF World Heavyweight Championship Shawn Michaels VS Sycho Sid
82%
WWF SummerSlam 1996 Singles Match WWF World Heavyweight Championship Shawn Michaels VS Vader
82%
WWF Capital Carnage 1998 (UK Exclusive) Fatal Four-Way Match "Stone Cold" Steve Austin VS Mankind VS Kane VS The Undertaker
82%
WWF SummerSlam 1998 Singles Match WWF Championship "Stone Cold" Steve Austin VS The Undertaker
82%
WWF Rock Bottom: In Your House Buried Alive Match "Stone Cold" Steve Austin VS The Undertaker
82%
WWF Over the Edge 1999 Singles Match WWF Championship "Stone Cold" Steve Austin VS The Undertaker
82%
WWF Fully Loaded 1999 First Blood Match WWF Championship "Stone Cold" Steve Austin VS The Undertaker
82%
WWF Judgement Day 2001 No Holds Barred Match WWF Championship "Stone Cold" Steve Austin VS The Undertaker
82%
WWF Breakdown: In Your House Triple Threat Match WWF Championship "Stone Cold" Steve Austin VS The Undertaker VS Kane
82%
WWE Survivor Series 2005 5-on-5 Survivor Series Match Team Raw VS Team SmackDown
82%
WWF Invasion 2001 10-Man Tag Team Match Team WWF VS The WCW-ECW Coalition
82%
WWE WrestleMania 36: Night 1 Boneyard Match The Undertaker VS AJ Styles
82%
WWE Elimination Chamber 2010 Elimination Chamber Match World Heavyweight Championship The Undertaker VS Rey Mysterio VS John Morrison VS R-Truth VS Chris Jericho VS CM Punk
82%
WWF In Your House: Cold Day in Hell Singles Match WWF World Heavyweight Championship The Undertaker VS "Stone Cold" Steve Austin
82%
WWE Unforgiven 2008 Five-Man Championship Scramble Match World Heavyweight Championship Batista VS Rey Mysterio VS John Bradshaw Layfield VS Kane VS Chris Jericho
81%
WWE Day 1 2022 Fatal-Five Way Match WWE Championship Big E VS Seth Rollins VS Kevin Owens VS Bobby Lashley VS Brock Lesnar
81%
WWF SummerSlam 2001 Singles Match WCW Championship Booker T VS The Rock
81%
WWE Rebellion 2002 (UK Exclusive) 2-on-1 Handicap Match (Team 1) WWE Championship Brock Lesnar & Paul Heyman VS Edge
81%
WWE SummerSlam 2002 Singles Match WWE Undisputed Championship Brock Lesnar VS The Rock
81%
WWE Unforgiven 2002 Singles Match WWE Championship Brock Lesnar VS The Undertaker
81%
WWE No Mercy 2002 Hell in a Cell Match WWE Championship Brock Lesnar VS The Undertaker
81%
WWE No Mercy 2003 Biker Chain Match WWE Championship Brock Lesnar VS The Undertaker
81%
WWF Royal Rumble 1995 30-Man Royal Rumble Match Winner: Shawn Michaels
81%
WWF Royal Rumble 2000 30-Man Royal Rumble Match Winner: The Rock
81%
WWE Royal Rumble 2007 30-Man Royal Rumble Match Winner: The Undertaker
81%
WWE Survivor Series 2008 Singles Match World Heavyweight Championship Chris Jericho VS John Cena
81%
WWE Money in the Bank 2013 Six-Man Money in the Bank Ladder Match Money in the Bank Contract CM Punk VS Daniel Bryan VS Randy Orton VS Rob Van Dam VS Sheamus VS Christian
81%
WWE Survivor Series 2012 Triple Threat Match WWE Championship CM Punk VS Ryback VS John Cena
81%
WWE Royal Rumble 2013 Singles Match WWE Championship CM Punk VS The Rock
81%
WWE Elimination Chamber 2013 Singles Match WWE Championship CM Punk VS The Rock
81%
WWE Breaking Point 2009 Submission Match World Heavyweight Championship CM Punk VS The Undertaker
81%
WWE Hell in a Cell 2009 Tag Team Hell in a Cell Match D-Generation X VS The Legacy
81%
WWE New Year's Revolution 2006 Singles Match (Money in the Bank Cash-In) WWE Championship Edge VS John Cena
81%
WWE Backlash 2020 Singles Match Edge VS Randy Orton
81%
WWE Payback 2014 Six-Man Tag Team No Holds Barred Elimination Match Evolution VS The Shield
81%
WWE Money in the Bank 2019 Eight-Man Money in the Bank Ladder Match Money in the Bank Contract Finn Balor VS Ricochet VS Ali VS Randy Orton VS Baron Corbin VS Andrade VS Drew McIntyre VS Brock Lesnar
81%
WWE Backlash 2003 Singles Match Goldberg VS The Rock
81%
WWF In Your House: Beware of Dog 2 Casket Match WWF Intercontinental Championship Goldust VS The Undertaker
81%
WWE No Mercy 2004 Last Ride Match WWE Championship John Bradshaw Layfield VS The Undertaker
81%
WWE Armageddon 2004 Fatal Four-Way Match WWE Championship John Bradshaw Layfield VS The Undertaker VS Eddie Guerrero VS Booker T
81%
WWE The Beast in the East 2015 (Network Exclusive) Tag Team Match John Cena & Dolph Ziggler VS Kane & King Barrett
81%
WWE Hell in a Cell 2011 Triple Threat Hell in a Cell Match WWE Championship John Cena VS Alberto Del Rio VS CM Punk
81%
WWE No Way Out 2012 Steel Cage Match John Cena VS Big Show
81%
WWE The Great American Bash 2007 Singles Match WWE Championship John Cena VS Bobby Lashley
81%
WWE Vengeance: Night of Champions Five-Man Match WWE Championship John Cena VS Bobby Lashley VS Randy Orton VS Mick Foley VS King Booker
81%
WWE Extreme Rules 2012 Extreme Rules Match John Cena VS Brock Lesnar
81%
WWE SummerSlam 2014 Singles Match WWE World Heavyweight Championship John Cena VS Brock Lesnar
81%
WWE Night of Champions 2014 Singles Match WWE World Heavyweight Championship John Cena VS Brock Lesnar
81%
WWE Money in the Bank 2011 Singles Match WWE Championship John Cena VS CM Punk
81%
WWE Night of Champions 2012 Singles Match WWE Championship John Cena VS CM Punk
81%
WWE Elimination Chamber 2017 Elimination Chamber Match WWE Championship John Cena VS Dean Ambrose VS AJ Styles VS Bray Wyatt VS The Miz VS Baron Corbin
81%
WWE SummerSlam 2006 Singles Match WWE Championship John Cena VS Edge
81%
WWE Unforgiven 2006 Tables, Ladders, and Chairs Match WWE Championship John Cena VS Edge
81%
WWE Backlash 2009 Last Man Standing Match World Heavyweight Championship John Cena VS Edge
81%
WWE Cyber Sunday 2006 Triple Threat Match World Heavyweight Championship John Cena VS King Booker VS Big Show
81%
WWE SummerSlam 2007 Singles Match WWE Championship John Cena VS Randy Orton
81%
WWE Bragging Rights 2009 Anything Goes, 60-Minute Iron Man Match WWE Championship John Cena VS Randy Orton
81%
WWE Elimination Chamber 2011 Elimination Chamber Match John Cena VS Randy Orton VS John Morrison VS R-Truth VS CM Punk VS King Sheamus
81%
WWE Battleground 2014 Fatal-Four Way Match WWE World Heavyweight Championship John Cena VS Randy Orton VS Roman Reigns VS Kane
81%
WWE Money in the Bank 2010 Steel Cage Match WWE Championship John Cena VS Sheamus
81%
WWE WrestleMania 27 Singles Match WWE Championship John Cena VS The Miz
81%
WWE Over The Limit 2011 "I Quit" Match WWE Championship John Cena VS The Miz
81%
WWE Extreme Rules 2011 Triple Threat Steel Cage Match WWE Championship John Cena VS The Miz VS John Morrison
81%
WWE Elimination Chamber 2012 Ambulance Match Kane VS John Cena
81%
WWE Hell in a Cell 2010 Hell in a Cell Match World Heavyweight Championship Kane VS The Undertaker
81%
WWE TLC: Tables, Ladders, & Chairs 2017 3-on-5 Handicap Tables, Ladders, and Chairs Match Kurt Angle & The Shield VS The Miz, Braun Strowman, Kane & The Bar
81%
WWF Rebellion 2000 (UK Exclusive) Fatal Four-Way Match WWF Championship Kurt Angle VS "Stone Cold" Steve Austin VS The Rock VS Rikishi
81%
WWF No Way Out 2001 Singles Match WWF Championship Kurt Angle VS The Rock
81%
WWE No Way Out 2006 Singles Match World Heavyweight Championship Kurt Angle VS The Undertaker
81%
WWE TLC: Tables, Ladders, & Chairs 2013 Tables, Ladders, and Chairs Match WWE Championship & World Heavyweight Championship Randy Orton VS John Cena
81%
WWE Elimination Chamber 2014 Elimination Chamber Match WWE World Heavyweight Championship Randy Orton VS John Cena VS Daniel Bryan VS Sheamus VS Christian VS Cesaro
81%
WWE Taboo Tuesday 2004 Steel Cage Match Randy Orton VS Ric Flair
81%
WWE WrestleMania 37: Night 2 Triple Threat Match WWE Universal Championship Roman Reigns VS Daniel Bryan VS Edge
81%
WWE Money in the Bank 2021 Singles Match WWE Universal Championship Roman Reigns VS Edge
81%
WWE Elimination Chamber 2018 Seven-Man Elimination Chamber Match Roman Reigns VS John Cena VS Seth Rollins VS Braun Strowman VS Finn Balor VS The Miz VS Elias
81%
WWE Live from Madison Square Garden (Network Exclusive) Steel Cage Match WWE United States Championship Seth Rollins VS John Cena
81%
WWF D-Generation X: In Your House Singles Match WWF World Heavyweight Championship Shawn Michaels VS Ken Shamrock
81%
WWF King of the Ring 1998 First Blood Match WWF Championship "Stone Cold" Steve Austin VS Kane
81%
WWF WrestleMania 15 No DQ Match WWF Championship "Stone Cold" Steve Austin VS The Rock
81%
WWF Backlash 1999 No Holds Barred Match WWF Championship "Stone Cold" Steve Austin VS The Rock
81%
WWF WrestleMania X-7 No DQ Match WWF Championship "Stone Cold" Steve Austin VS The Rock
81%
WWF Rebellion 2001 (UK Exclusive) Singles Match WWF Championship "Stone Cold" Steve Austin VS The Rock
81%
WWF WrestleMania 13 No DQ Match WWF World Heavyweight Championship Sycho Sid VS The Undertaker
81%
WWE Survivor Series 2017 5-on-5 Survivor Series Match Team Raw VS Team SmackDown
81%
WWF Survivor Series 1993 4-on-4 Survivor Series Match The All Americans VS The Foreign Fanatics
81%
WWF Fully Loaded 2000 Singles Match WWF Championship The Rock VS Chris Benoit
81%
WWF No Mercy 2000 No DQ Match WWF Championship The Rock VS Kurt Angle
81%
WWF Survivor Series 1998 Singles Match Vacant WWF Championship The Rock VS Mankind
81%
WWF Royal Rumble 1996 Singles Match WWF World Heavyweight Championship The Undertaker VS Bret "The Hitman" Hart
81%
WWF SummerSlam 1997 Singles Match WWF World Heavyweight Championship The Undertaker VS Bret "The Hitman" Hart
81%
WWE SummerSlam 2015 Singles Match The Undertaker VS Brock Lesnar
81%
WWE Hell in a Cell 2015 Hell in a Cell Match The Undertaker VS Brock Lesnar
81%
WWF King of the Ring 1997 Singles Match WWF World Heavyweight Championship The Undertaker VS Faarooq
81%
WWF SummerSlam 1994 Singles Match The Undertaker VS "Fake" Undertaker
81%
WWE Super Show-Down 2019 Singles Match The Undertaker VS Goldberg
81%
WWF Judgement Day: In Your House Singles Match Vacant WWF Championship The Undertaker VS Kane
81%
WWF In Your House: Buried Alive Buried Alive Match The Undertaker VS Mankind
81%
WWE Unforgiven 2007 Singles Match The Undertaker VS Mark Henry
81%
WWE The Great American Bash 2004 2-on-1 Handicap Concrete Crypt Match The Undertaker VS The Dudley Boyz
81%
WWF Survivor Series 1994 Casket Match Yokozuna VS The Undertaker
81%
WWE Fastlane 2018 Six-Pack Challenge WWE Championship AJ Styles VS John Cena VS Kevin Owens VS Sami Zayn VS Dolph Ziggler VS Baron Corbin
80%
WWE Vengeance 2011 Last Man Standing Match WWE Championship Alberto Del Rio VS John Cena
80%
WWE Royal Rumble 2010 30-Man Royal Rumble Match Winner: Edge
80%
WWE Royal Rumble 2021 30-Man Royal Rumble Match Winner: Edge
80%
WWE Royal Rumble 2008 30-Man Royal Rumble Match Winner: John Cena
80%
WWE Elimination Chamber 2019 Elimination Chamber Match WWE Championship Daniel Bryan VS Kofi Kingston VS Jeff Hardy VS AJ Styles VS Randy Orton VS Samoa Joe
80%
WWE TLC: Tables, Ladders, & Chairs 2012 Ladder Match Money in the Bank Contract Dolph Ziggler VS John Cena
80%
WWE Judgement Day 2009 Singles Match World Heavyweight Championship Edge VS Jeff Hardy
80%
WWF WrestleMania 1 Tag Team Match Hulk Hogan & Mr. T VS Paul Orndorff & Roddy Piper
80%
WWE Armageddon 2006 Tag Team Match John Cena & Batista VS King Booker & Finlay
80%
WWE Extreme Rules 2010 Last Man Standing Match WWE Championship John Cena VS Batista
80%
WWE Over The Limit 2010 "I Quit" Match WWE Championship John Cena VS Batista
80%
WWE Judgement Day 2005 "I Quit" Match WWE Championship John Cena VS John Bradshaw Layfield
80%
WWE Over The Limit 2012 No Countout, No DQ Match John Cena VS John Laurinaitis
80%
WWE Unforgiven 2005 Singles Match WWE Championship John Cena VS Kurt Angle
80%
WWE: ECW One Night Stand 2006 Extreme Rules Match (Money in the Bank Cash-In) WWE Championship John Cena VS Rob Van Dam
80%
WWE Capitol Punishment 2011 Singles Match WWE Championship John Cena VS R-Truth
80%
WWE Payback 2013 Three Stages of Hell Match WWE Championship John Cena VS Ryback
80%
WWE Judgement Day 2007 Singles Match WWE Championship John Cena VS The Great Khali
80%
WWE One Night Stand 2007 Falls Count Anywhere Match WWE Championship John Cena VS The Great Khali
80%
WWE New Year's Revolution 2007 Singles Match WWE Championship John Cena VS Umaga
80%
WWE WrestleMania 30 Triple Threat Match WWE World Heavyweight Championship Randy Orton VS Batista VS Daniel Bryan
80%
WWE Survivor Series 2013 Singles Match WWE Championship Randy Orton VS Big Show
80%
WWE SummerSlam 2021 Singles Match WWE Universal Championship Roman Reigns VS John Cena
80%
WWE Extreme Rules 2017 Fatal-Five Way Extreme Rules Match Roman Reigns VS Seth Rollins VS Finn Balor VS Bray Wyatt VS Samoa Joe
80%
WWE Payback 2015 Fatal-Four Way Match WWE World Heavyweight Championship Seth Rollins VS Dean Ambrose VS Roman Reigns VS Randy Orton
80%
WWF Survivor Series 1989 4-on-4 Survivor Series Match The Ultimate Warrior, Jim "The Annville" Neidhart & The Rockers VS The Heenan Family
80%
WWE TLC: Tables, Ladders, & Chairs 2010 Chairs Match Wade Barrett VS John Cena
80%
WWE: ECW December to Dismember 2006 Extreme Elimination Chamber Match ECW World Championship Big Show VS Rob Van Dam VS Bobby Lashley VS CM Punk VS Test VS Hardcore Holly
79%
WWE Elimination Chamber 2022 Elimination Chamber Match WWE Championship Bobby Lashley VS AJ Styles VS Austin Theory VS Riddle VS Brock Lesnar VS Seth "Freakin" Rollins
79%
WWE Judgement Day 2003 Stretcher Match WWE Championship Brock Lesnar VS Big Show
79%
WWE Vengeance 2003 Triple Threat Match WWE Championship Brock Lesnar VS Kurt Angle VS Big Show
79%
WWE SummerSlam 2017 Fatal-Four Way Match WWE Universal Championship Brock Lesnar VS Roman Reigns VS Samoa Joe VS Braun Strowman
79%
WWE WrestleMania 31 Triple Threat Match (Money in the Bank Cash-In) WWE World Heavyweight Championship Brock Lesnar VS Roman Reigns VS Seth Rollins
79%
WWF No Way Out 2002 Singles Match Undisputed WWF Championship Chris Jericho VS "Stone Cold" Steve Austin
79%
WWE Extreme Rules 2014 Extreme Rules Match WWE World Heavyweight Championship Daniel Bryan VS Kane
79%
WWE SummerSlam 2013 Singles Match (Money in the Bank Cash-In) WWE Championship Daniel Bryan VS Randy Orton
79%
WWE Night of Champions 2013 Singles Match WWE Championship Daniel Bryan VS Randy Orton
79%
WWE Battleground 2013 Singles Match Vacant WWE Championship Daniel Bryan VS Randy Orton
79%
WWE Hell in a Cell 2013 Hell in a Cell Match WWE Championship Daniel Bryan VS Randy Orton
79%
WWE Vengeance 2006 2-on-5 Handicap Match D-Generation X VS The Spirit Squad
79%
WWE WrestleMania: Backlash 2022 Six-Man Tag Team Match Drew McIntyre & RK-Bro VS The Bloodline
79%
WWE Hell in a Cell 2020 Hell in a Cell Match WWE Championship Drew McIntyre VS Randy Orton
79%
WWF Survivor Series 1987 5-on-5 Survivor Series Match Hulk Hogan, "Mr. Wonderful" Paul Orndorff, Don Muraco, Ken Patera & Bam Bam Bigelow VS Andre The Giant, One Man Gang, King Kong Bundy, "Ravishing" Rick Rude & Butch Reed
79%
WWF WrestleMania 3 Singles Match WWF World Heavyweight Championship Hulk Hogan VS Andre The Giant
79%
WWE No Mercy 2016 Singles Match Randy Orton VS Bray Wyatt
79%
WWE SummerSlam 2016 Singles Match Randy Orton VS Brock Lesnar
79%
WWE Bragging Rights 2010 Singles Match WWE Championship Randy Orton VS Wade Barrett
79%
WWE Survivor Series 2010 No Countout, No DQ Match WWE Championship Randy Orton VS Wade Barrett
79%
WWE Fastlane 2016 Triple Threat Match Roman Reigns VS Brock Lesnar VS Dean Ambrose
79%
WWE Extreme Rules 2015 Steel Cage Match WWE World Heavyweight Championship Seth Rollins VS Randy Orton
79%
WWF Vengeance 2001 Unification Match WWF Championship & WCW Championship "Stone Cold" Steve Austin VS Chris Jericho
79%
WWF King of the Ring 2001 Triple Threat Match WWF Championship "Stone Cold" Steve Austin VS Chris Jericho VS Chris Benoit
79%
WWE WrestleMania 38: Night 1 No Holds Barred Match "Stone Cold" Steve Austin VS Kevin Owens
79%
WWE Money in the Bank 2023 Tag Team Match The Bloodline (Roman Reigns & Solo Sikoa) VS The Usos
79%
WWE Survivor Series: WarGames 2022 WarGames Match The Brawling Brutes, Drew McIntyre & Kevin Owens VS The Bloodline
79%
WWE Payback 2020 Triple Threat Match WWE Universal Championship "The Fiend" Bray Wyatt VS Braun Strowman VS Roman Reigns
79%
WWE TLC: Tables, Ladders, & Chairs 2020 Firefly Inferno Match "The Fiend" Bray Wyatt VS Randy Orton
79%
WWE Fastlane 2019 Six-Man Tag Team Match The Shield VS Baron Corbin, Drew McIntyre & Bobby Lashley
79%
WWE The Shield's Final Chapter (Network Exclusive) Six-Man Tag Team Match The Shield VS Baron Corbin, Drew McIntyre & Bobby Lashley
79%
WWE TLC: Tables, Ladders, & Chairs 2011 Triple Threat Tables, Ladders, and Chairs Match WWE Championship Alberto Del Rio VS CM Punk VS The Miz
78%
WWE Money in the Bank 2018 Eight-Man Money in the Bank Ladder Match Money in the Bank Contract Braun Strowman VS Finn Balor VS Bobby Roode VS Kofi Kingston VS Samoa Joe VS Kevin Owens VS The Miz VS Rusev
78%
WWE SummerSlam 2004 Singles Match World Heavyweight Championship Chris Benoit VS Randy Orton
78%
WWE Fastlane 2015 Singles Match Daniel Bryan VS Roman Reigns
78%
WWF SummerSlam 1989 Tag Team Match Hulk Hogan & Brutus "The Barber" Beefcake VS "Macho Man" Randy Savage & Zeus
78%
WWF No Holds Barred: The Match/The Movie Tag Team Steel Cage Match Hulk Hogan & Brutus "The Barber" Beefcake VS "Macho Man" Randy Savage & Zeus
78%
WWE Payback 2017 Singles Match Roman Reigns VS Braun Strowman
78%
WWE Hell in a Cell 2018 Hell in a Cell Match WWE Universal Championship Roman Reigns VS Braun Strowman
78%
WWE Fastlane 2021 Singles Match WWE Universal Championship Roman Reigns VS Daniel Bryan
78%
WWE Battleground 2016 Triple Threat Match WWE World Heavyweight Championship Seth Rollins VS Dean Ambrose VS Roman Reigns
78%
WWF In Your House: Revenge of the Taker Singles Match "Stone Cold" Steve Austin VS Bret "The Hitman" Hart
78%
WWF Unforgiven: In Your House Singles Match WWF World Heavyweight Championship "Stone Cold" Steve Austin VS Dude Love
78%
WWF Over The Edge: In Your House No DQ/Falls Count Anywhere Match WWF Championship "Stone Cold" Steve Austin VS Dude Love
78%
WWE No Mercy 2005 Singles Match World Heavyweight Championship Batista VS Eddie Guerrero
77%
WWE No Mercy 2017 Singles Match WWE Universal Championship Brock Lesnar VS Braun Strowman
77%
WWE WrestleMania 34 Singles Match WWE Universal Championship Brock Lesnar VS Roman Reigns
77%
WWE SummerSlam 2018 Singles Match WWE Universal Championship Brock Lesnar VS Roman Reigns
77%
WWE Cyber Sunday 2008 Singles Match World Heavyweight Championship Chris Jericho VS Batista
77%
WWE Money in the Bank 2020 Six-Man / Six-Woman Money in the Bank Ladder Match Men's Money in the Bank Contract & WWE Raw Women's Championship Daniel Bryan VS Rey Mysterio VS Aleister Black VS Otis VS AJ Styles VS King Corbin
Lacey Evans VS Carmella VS Dana Brooke VS Asuka VS Nia Jax VS Shayna Baszler
77%
WWE Money in the Bank 2022 Eight-Man Money in the Bank Ladder Match Money in the Bank Contract Drew McIntyre VS Madcap Moss VS Omos VS Riddle VS Sami Zayn VS Seth "Freakin" Rollins VS Sheamus VS Theory
77%
WWE Survivor Series 2020 Singles Match Drew McIntyre VS Roman Reigns
77%
WWE Clash at the Castle 2022 Singles Match Undisputed WWE Universal Championhip Drew McIntyre VS Roman Reigns
77%
WWE Backlash 2017 Singles Match WWE Championship Jinder Mahal VS Randy Orton
77%
WWE Battleground 2017 Punjabi Prison Match WWE Championship Jinder Mahal VS Randy Orton
77%
WWE Roadblock: End of the Line 2016 Singles Match WWE Universal Championship Kevin Owens VS Roman Reigns
77%
WWE No Mercy 2006 Fatal Four-Way Match World Heavyweight Championship King Booker VS Bobby Lashley VS Finlay VS Batista
77%
WWF WrestleMania 5 Singles Match WWF World Heavyweight Championship "Macho Man" Randy Savage VS Hulk Hogan
77%
WWE Extreme Rules 2016 Extreme Rules Match WWE World Heavyweight Championship Roman Reigns VS AJ Styles
77%
WWE Survivor Series 2021 Singles Match Roman Reigns VS Big E
77%
WWE Crown Jewel 2021 Singles Match WWE Universal Championship Roman Reigns VS Brock Lesnar
77%
WWE WrestleMania 38: Night 2 Winner Takes All Match WWE Universal Championship & WWE Championship Roman Reigns VS Brock Lesnar
77%
WWE SummerSlam 2022 Last Man Standing Match Undisputed WWE Universal Championhip Roman Reigns VS Brock Lesnar
77%
WWE WrestleMania 39: Night 2 Singles Match Undisputed WWE Universal Championhip Roman Reigns VS Cody Rhodes
77%
WWE Clash of Champions 2020 Singles Match WWE Universal Championship Roman Reigns VS Jey Uso
77%
WWE Royal Rumble 2023 Singles Match Undisputed WWE Universal Championhip Roman Reigns VS Kevin Owens
77%
WWE Elimination Chamber 2023 Singles Match Undisputed WWE Universal Championhip Roman Reigns VS Sami Zayn
77%
WWE Clash of Champions 2019 Singles Match WWE Universal Championship Seth Rollins VS Braun Strowman
77%
WWE Battleground 2015 Singles Match WWE World Heavyweight Championship Seth Rollins VS Brock Lesnar
77%
WWE Extreme Rules 2019 Singles Match (Money in the Bank Cash-In) WWE Universal Championship Seth Rollins VS Brock Lesnar
77%
WWE SummerSlam 2019 Singles Match WWE Universal Championship Seth Rollins VS Brock Lesnar
77%
WWE Hell in a Cell 2014 Hell in a Cell Match Seth Rollins VS Dean Ambrose
77%
WWE Money in the Bank 2015 Ladder Match WWE World Heavyweight Championship Seth Rollins VS Dean Ambrose
77%
WWE Money in the Bank 2016 Singles Match (Money in the Bank Cash-In) WWE World Heavyweight Championship Seth Rollins VS Dean Ambrose
77%
WWE Hell in a Cell 2019 Hell in a Cell Match WWE Universal Championship Seth Rollins VS "The Fiend" Bray Wyatt
77%
WWE Crown Jewel 2019 Falls Count Anywhere Match WWE Universal Championship Seth Rollins VS "The Fiend" Bray Wyatt
77%
WWE Survivor Series 2015 Singles Match (Money in the Bank Cash-In) WWE World Heavyweight Championship Sheamus VS Roman Reigns
77%
WWE TLC: Tables, Ladders, & Chairs 2015 Tables, Ladders, and Chairs Match WWE World Heavyweight Championship Sheamus VS Roman Reigns
77%
WWF Unforgiven 2001 Singles Match WWF Championship "Stone Cold" Steve Austin VS Kurt Angle
77%
WWF No Mercy 2001 Triple Threat Match WWF Championship "Stone Cold" Steve Austin VS Kurt Angle VS Rob Van Dam
77%
WWF St. Valentine's Day Massacre: In Your House Steel Cage Match "Stone Cold" Steve Austin VS Mr. McMahon
77%
WWF King of the Ring 1999 2-on-1 Handicap Ladder Match "Stone Cold" Steve Austin VS The Corporate Ministry
77%
WWE Royal Rumble 2009 30-Man Royal Rumble Match Winner: Randy Orton
76%
WWE Royal Rumble 2017 30-Man Royal Rumble Match Winner: Randy Orton
76%
WWE Backlash 2023 Singles Match Cody Rhodes VS Brock Lesnar
76%
WWE Hell in a Cell 2022 Hell in a Cell Match Cody Rhodes VS Seth "Freakin" Rollins
76%
WWE WrestleMania 36: Night 2 Singles Match WWE Universal Championship Drew McIntyre VS Brock Lesnar
76%
WWE WrestleMania 19 Singles Match WWE Championship Kurt Angle VS Brock Lesnar
76%
WWF SummerSlam 1991 2-on-3 Handicap Match The Ultimate Warrior & Hulk Hogan vs Sgt. Slaughter, General Adnan & Col. Mustafa
76%
WWE No Way Out 2004 Singles Match WWE Championship Brock Lesnar VS Eddie Guerrero
75%
WWF Royal Rumble 2001 30-Man Royal Rumble Match Winner: "Stone Cold" Steve Austin
75%
WWE Survivor Series 2018 Singles Match Daniel Bryan VS Brock Lesnar
75%
WWE TLC: Tables, Ladders, Chairs... And Stairs 2014 Tables, Ladders, and Chairs Match Dean Ambrose VS Bray Wyatt
75%
WWE Elimination Chamber 2021 Singles Match (Money in the Bank Cash-In) WWE Championship Drew McIntyre VS The Miz
75%
WWE Survivor Series 2016 Singles Match Goldberg VS Brock Lesnar
75%
WWE Survivor Series 2006 Singles Match World Heavyweight Championship King Booker VS Batista
75%
WWE WrestleMania: Backlash 2021 Singles Match WWE Universal Championship Roman Reigns VS Cesaro
75%
WWE Crown Jewel 2022 Singles Match Undisputed WWE Universal Championhip Roman Reigns VS Logan Paul
75%
WWE Extreme Rules 2021 Extreme Rules Match WWE Universal Championship Roman Reigns VS "The Demon" Finn Balor
75%
WWF In Your House: Canadian Stampede 10-Man Tag Team Match "Stone Cold" Steve Austin, Ken Shamrock, Goldust & The Legion of Doom VS The Hart Foundation
75%
WWE SummerSlam 2011 Singles Match (Money in the Bank Cash-In) WWE Championship Alberto Del Rio VS CM Punk
74%
WWE The Great American Bash 2005 Singles Match World Heavyweight Championship Batista VS John Bradshaw Layfield
74%
WWE Great Balls of Fire 2017 Singles Match WWE Universal Championship Brock Lesnar VS Samoa Joe
74%
WWF Survivor Series 1995 No DQ Match WWF World Heavyweight Championship Diesel VS Bret "The Hitman" Hart
74%
WWF In Your House (February) 1996 Steel Cage Match WWF World Heavyweight Championship Diesel VS Bret "The Hitman" Hart
74%
WWE Extreme Rules 2018 30-Minute Iron Man Match WWE Intercontinental Championship Dolph Ziggler VS Seth Rollins
74%
WWF WrestleMania 8 Singles Match Hulk Hogan VS Sid Justice
74%
WWE Extreme Rules 2009 Singles Match World Heavyweight Championship Jeff Hardy VS CM Punk
74%
WWE Night of Champions 2009 Singles Match World Heavyweight Championship Jeff Hardy VS CM Punk
74%
WWE SummerSlam 2009 Tables, Ladders, and Chairs Match World Heavyweight Championship Jeff Hardy VS CM Punk
74%
WWE Clash of Champions 2016 Singles Match WWE Universal Championship Kevin Owens VS Seth Rollins
74%
WWE Backlash 2018 Singles Match Samoa Joe VS Roman Reigns
74%
WWF No Way Out of Texas: In Your House Non-Sanctioned 8-Man Tag Team Match "Stone Cold" Steve Austin Owen Hart, Cactus Jack & Chainsaw Charlie VS Triple H, Savio Vega & The New Age Outlaws
74%
WWF Survivor Series 1990 3-on-5 Survivor Series Match The Ultimate Warrior, Hulk Hogan & Tito Santana VS "Million Dollar Man" Ted Dibiase, "The Model" Rick Martel, The Warlord & Power & Glory
74%
WWF WrestleMania 10 Singles Match WWF World Heavyweight Championship Yokozuna VS Bret "The Hitman" Hart
74%
WWE Royal Rumble 2005 30-Man Royal Rumble Match Winner: Batista
73%
WWE Royal Rumble 2014 30-Man Royal Rumble Match Winner: Batista
73%
WWE Hell in a Cell 2012 Hell in a Cell Match WWE Championship CM Punk VS Ryback
73%
WWF WrestleMania 2 Steel Cage Match WWF World Heavyweight Championship Hulk Hogan VS King Kong Bundy
73%
WWE Stomping Grounds 2019 No Countout, No DQ Match WWE Universal Championship Seth Rollins VS Baron Corbin
73%
WWE Night of Champions 2015 Singles Match WWE World Heavyweight Championship Seth Rollins VS Sting
73%
WWE Backlash 2016 Singles Match WWE World Championship AJ Styles VS Dean Ambrose
72%
WWE TLC: Tables, Ladders, & Chairs 2016 Tables, Ladders, and Chairs Match WWE World Championship AJ Styles VS Dean Ambrose
72%
WWE Money in the Bank 2017 Six-Man Money in the Bank Ladder Match Money in the Bank Contract AJ Styles VS Shinsuke Nakamura VS Sami Zayn VS Kevin Owens VS Dolph Ziggler VS Baron Corbin
72%
WWE Hell in a Cell 2021 Last Chance Hell in a Cell Match WWE Championship Bobby Lashley VS Drew McIntyre
72%
WWF In Your House: It's Time Singles Match WWF World Heavyweight Championship Bret "The Hitman" Hart VS Sycho Sid
72%
WWE Royal Rumble 2003 30-Man Royal Rumble Match Winner: Brock Lesnar
72%
WWE Royal Rumble 2022 30-Man Royal Rumble Match Winner: Brock Lesnar
72%
WWE Royal Rumble 2015 30-Man Royal Rumble Match Winner: Roman Reigns
72%
WWE Royal Rumble 2019 30-Man Royal Rumble Match Winner: Seth Rollins
72%
WWE NXT TakeOver: Chicago Tag Team Ladder Match NXT Tag Team Championship #DIY VS Authors of Pain
72%
WWE No Way Out 2005 Barbed Wire Steel Cage Match WWE Championship John Bradshaw Layfield VS Big Show
72%
WWE Starrcade 2019 (Network Exclusive) Singles Match Kevin Owens VS Bobby Lashley
72%
WWE Fastlane 2017 Singles Match WWE Universal Championship Kevin Owens VS Goldberg
72%
WWE Extreme Rules 2022 Pit Fight Match Matt Riddle VS Seth "Freakin" Rollins
72%
WWE Fastlane 2023 Last Man Standing Match World Heavyweight Championship Seth "Freakin" Rollins VS Shinsuke Nakamura
72%
WWE Elimination Chamber 2015 Singles Match WWE World Heavyweight Championship Seth Rollins VS Dean Ambrose
72%
WWF Survivor Series 1988 5-on-5 Survivor Series Match The Mega Powers, Hercules, Koko B. Ware & Hillbilly Jim VS Big Boss Man, Akeem, "Million Dollar Man" Ted Dibiase, Haku & The Red Rooster
72%
WWE WrestleMania 39: Night 1 Tag Team Match Undisputed WWE Tag Team Championhip The Usos VS Sami Zayn & Kevin Owens
72%
WWE The Horror Show at Extreme Rules 2020 Wyatt Swamp Fight Braun Strowman VS Bray Wyatt
71%
WWE SummerSlam 2020 Falls Count Anywhere Match WWE Universal Championship Braun Strowman VS "The Fiend" Bray Wyatt
71%
WWF Royal Rumble 1994 30-Man Royal Rumble Match (x2 Winners) Winners: Lex Luger & Bret "The Hitman" Hart
71%
WWE NXT TakeOver: Brooklyn Ladder Match NXT Championship "The Demon" Finn Balor VS Kevin Owens
71%
WWE Super Show-Down 2020 Singles Match WWE Universal Championship "The Fiend" Bray Wyatt VS Goldberg
71%
WWF King of the Ring 1993 Tournament Final Bret "The Hitman" Hart VS Bam Bam Bigelow
70%
WWF SummerSlam 1992 Singles Match WWF Intercontinental Championship Bret "The Hitman" Hart VS The British Bulldog
70%
WWE Royal Rumble 2012 30-Man Royal Rumble Match Winner: Sheamus
70%
WWE Royal Rumble 2006 Singles Match World Heavyweight Championship Kurt Angle VS Mark Henry
70%
WWF WrestleMania 4 Tournament Final Vacant WWF World Heavyweight Championship "Macho Man" Randy Savage VS "Million Dollar Man" Ted Dibiase
70%
WWE The Great American Bash 2006 Singles Match World Heavyweight Championship Rey Mysterio VS King Booker
70%
WWE NXT TakeOver: Rival Singles Match NXT Championship Sami Zayn VS Kevin Owens
70%
WWE NXT TakeOver: Unstoppable Singles Match NXT Championship Sami Zayn VS Kevin Owens
70%
WWF WrestleMania 7 Singles Match WWF World Heavyweight Championship Sgt. Slaughter VS Hulk Hogan
70%
WWF In Your House (December) 1995 Singles Match WWF World Heavyweight Championship The British Bulldog VS Bret "The Hitman" Hart
70%
WWE NXT TakeOver: WarGames 2019 WarGames Match Tommaso Ciampa, Keith Lee, Dominick Dijakovic & Kevin Owens VS The Undisputed Era
70%
WWE TLC: Tables, Ladders, & Chairs 2018 Triple Threat Tables, Ladders, and Chairs Match WWE SmackDown Women's Championship Becky Lynch VS Asuka VS Charlotte Flair
69%
WWE Superstar Spectacle 2021 (Network Exclusive) Six-Man Tag Team Match Drew McIntyre & The Indu Sher VS Jinder Mahal & The Bollywood Boyz
69%
WWE Judgement Day 2006 Singles Match World Heavyweight Championship Rey Mysterio VS John Bradshaw Layfield
69%
WWE Hell in a Cell 2017 Falls Count Anywhere, Hell in a Cell Match Shane McMahon VS Kevin Owens
69%
WWE TLC: Tables, Ladders, & Chairs 2019 Tag Team Tables, Ladders, and Chairs Match WWE Women's Tag Team Championships The Kabuki Warriors VS Becky Lynch & Charlotte Flair
69%
WWE NXT TakeOver: R Evolution Singles Match NXT Championship Adrian Neville VS Sami Zayn
68%
WWE NXT TakeOver: Fatal-4 Way Fatal-Four Way Match NXT Championship Adrian Neville VS Sami Zayn VS Tyson Kidd VS Tyler Breeze
68%
WWE Starrcade 2018 (Network Exclusive) Steel Cage Match AJ Styles VS Samoa Joe
68%
WWE NXT TakeOver: Brooklyn III Singles Match NXT Championship Bobby Roode VS Drew McIntyre
68%
WWE Royal Rumble 2020 30-Man Royal Rumble Match Winner: Drew McIntyre
68%
WWF Royal Rumble 1992 30-Man Royal Rumble Match Vacant WWF World Heavyweight Championship Winner: Ric Flair
68%
WWE NXT TakeOver: In Your House 2020 Triple Threat Match NXT Women's Championship Charlotte Flair VS Io Shirai VS Rhea Ripley
68%
WWE Smackville 2019 (Network Exclusive) Triple Threat Match WWE Championship Kofi Kingston VS Dolph Ziggler VS Samoa Joe
68%
WWE Hell in a Cell 2016 Hell in a Cell Match WWE Raw Women's Championship Sasha Banks VS Charlotte Flair
68%
WWE NXT TakeOver: London Singles Match NXT Championship "The Demon" Finn Balor VS Samoa Joe
68%
WWE NXT TakeOver: Dallas Singles Match NXT Championship "The Demon" Finn Balor VS Samoa Joe
68%
WWE NXT TakeOver: The End Steel Cage Match NXT Championship "The Demon" Finn Balor VS Samoa Joe
68%
WWE WrestleMania 35 Winner Takes All Triple Threat Match WWE Raw Women's Championship & WWE SmackDown Women's Championship Becky Lynch VS Charlotte Flair VS Ronda Rousey
66%
WWE NXT: No Mercy (Network Exclusive) Extreme Rules Match NXT Women's Championship Becky Lynch VS Tiffany Stratton
66%
WWE Judgement Day 2004 Singles Match WWE Championship Eddie Guerrero VS John Bradshaw Layfield
66%
WWE Clash of Champions 2017 Singles Match WWE Championship Jinder Mahal VS AJ Styles
66%
WWE NXT: WarGames 2021 (Network Exclusive) WarGames Match Team Black & Gold VS Team 2.0
66%
WWF SummerSlam 1993 Singles Match WWF World Heavyweight Championship Yokozuna VS Lex Luger
66%
WWE Royal Rumble 2011 40-Man Royal Rumble Match Winner: Alberto Del Rio
65%
WWE Royal Rumble 2004 30-Man Royal Rumble Match Winner: Chris Benoit
65%
WWF Royal Rumble 1993 30-Man Royal Rumble Match Winner: Yokozuna
65%
WWF King of the Ring 1995 Tag Team Match Diesel & Bam Bam Bigelow VS The Million Dollar Corporation
65%
WWF In Your House (May) 1995 Singles Match WWF World Heavyweight Championship Diesel VS Sid
65%
WWE NXT TakeOver: Vengeance Day Singles Match NXT Championship Finn Balor VS Pete Dunne
65%
WWE Survivor Series 2019 Triple Threat Match Shayna Baszler VS Becky Lynch VS Bayley
65%
WWF In Your House (July) 1995 Lumberjack Match WWF World Heavyweight Championship Sid VS Diesel
65%
WWE Greatest Royal Rumble 2018 50-Man Greatest Royal Rumble Match Winner: Braun Strowman
64%
WWF The Wrestling Classic Tournament Final Junkyard Dog VS "Macho Man" Randy Savage
64%
WWE King of the Ring 2015 (Network Exclusive) Tournament Final Neville VS Bad News Barrett
64%
WWE Halftime Heat (Network Exclusive) Six-Man Tag Team Match Aleister Black, Ricochet & Velveteen Dream VS Tommaso Ciampa, Johnny Gargano & Adam Cole
63%
WWF In Your House (October) 1995 Singles Match WWF World Heavyweight Championship Diesel VS The British Bulldog
63%
WWE NXT TakeOver: 31 Singles Match NXT Championship Finn Balor VS Kyle O'Reilly
63%
WWE Elimination Chamber 2020 Six-Woman Elimination Chamber Match Natalya VS Liv Morgan VS Asuka VS Shayna Baszler VS Ruby Riott VS Sarah Logan
63%
WWE NXT TakeOver: WarGames Triple Threat WarGames Match Roderick Strong & Authors of Pain VS Undisputed Era VS Sanity
63%
WWE NXT: Stand & Deliver 2022 (Network Exclusive) Singles Match NXT Championship Dolph Ziggler VS Bron Breakker
62%
WWF SummerSlam 1995 Singles Match WWF World Heavyweight Championship King Mabel VS Diesel
62%
WWE WrestleMania 37: Night 1 Singles Match WWE SmackDown Women's Championship Sasha Banks VS Bianca Belair
62%
WWE NXT TakeOver: In Your House 2021 Fatal-Five Way Match NXT Championship Karrion Kross VS Johnny Gargano VS Adam Cole VS Kyle O'Reilly VS Pete Dunne
61%
WWE NXT TakeOver: 36 Singles Match NXT Championship Karrion Kross VS Samoa Joe
61%
WWE NXT TakeOver: WarGames 2018 WarGames Match Pete Dunne, Ricochet & The War Raiders VS The Undisputed Era
61%
WWE NXT TakeOver: Brooklyn II Singles Match NXT Championship Samoa Joe VS Shinsuke Nakamura
61%
WWE NXT TakeOver: Toronto Singles Match NXT Championship Samoa Joe VS Shinsuke Nakamura
61%
WWE NXT TakeOver: Respect 30-Minute Iron Man Match NXT Women's Championship Sasha Banks VS Bayley
61%
WWE NXT TakeOver: New York 2-out-of-3 Falls Match Vacant NXT Championship Johnny Gargano VS Adam Cole
60%
WWE NXT TakeOver: XXV Singles Match NXT Championship Johnny Gargano VS Adam Cole
60%
WWE NXT TakeOver: Toronto II Three Stages of Hell Match NXT Championship Johnny Gargano VS Adam Cole
60%
WWF SummerSlam 1990 Steel Cage Match WWF World Heavyweight Championship The Ultimate Warrior VS "Ravishing" Rick Rude
60%
WWE NXT TakeOver: Philadelphia Singles Match NXT Championship Andrade Cien Almas VS Johnny Gargano
59%
WWE Royal Rumble 2018 30-Woman Royal Rumble Match Winner: Asuka
59%
WWF Royal Rumble 1999 30-Man Royal Rumble Match WWF Championship Winner: Mr. McMahon
58%
WWE Worlds Collide (Network Exclusive) Eight-Man Tag Team Match Imperium VS The Undisputed Era
58%
WWE NXT TakeOver: New Orleans Unsanctioned Match Johnny Gargano VS Tommaso Ciampa
58%
WWE NXT TakeOver: Chicago II Street Fight Johnny Gargano VS Tommaso Ciampa
58%
WWE NXT TakeOver: Brooklyn 4 Last Man Standing Match NXT Championship Johnny Gargano VS Tommaso Ciampa
58%
WWE NXT TakeOver: Portland Singles Match NXT Championship Adam Cole VS Tommaso Ciampa
57%
WWE Evolution 2018 Singles Match WWE Raw Women's Championship Ronda Rousey VS Nikki Bella
57%
WWE NXT TakeOver: WarGames 2020 WarGames Match The Undisputed Era VS Pat McAfee, Danny Burch, Oney Lorcan & Pete Dunne
57%
EVOLVE 131: 10th Anniversary Celebration (Network Exclusive) Singles Match NXT Championship Adam Cole VS Akira Tozawa
56%
WWE NXT: Worlds Collide (Network Exclusive) Singles Match NXT Championship & NXT United Kingdom Championship Bron Breakker VS Tyler Bate
55%
WWE NXT TakeOver: Stand & Deliver 2021: Night 2 Unsanctioned Match Kyle O'Reilly VS Adam Cole
55%
WWE NXT: Stand & Deliver 2023 (Network Exclusive) Singles Match NXT Championship Bron Breakker VS Carmelo Hayes
53%
WWE NXT: Battleground (Network Exclusive Singles Match NXT Championship Carmelo Hayes VS Bron Breakker
53%
WWE NXT: Arrival (Network Exclusive) Ladder Match NXT Championship Bo Dallas VS Adrian Neville
52%
WWE NXT UK TakeOver: Cardiff Singles Match WWE United Kingdom Championship Walter VS Tyler Bate
52%
WWE NXT: TakeOver (Network Exclusive) Singles Match NXT Championship Adrian Neville VS Tyson Kidd
50%
WWE NXT: Deadline (Network Exclusive) Singles Match NXT Championship Bron Breakker VS Apollo Crews
50%
WWE NXT: Halloween Havoc (Network Exclusive) Triple Threat Match NXT Championship JD McDonagh VS Bron Breakker VS Ilja Dragunov
50%
WWE United Kingdom Championship Tournament: Night 2 (Network Exclusive) Tournament Final Inaugural WWE United Kingdom Championship Tyler Bate VS Pete Dunne
50%
WWE NXT UK TakeOver: Blackpool II Singles Match WWE United Kingdom Championship Walter VS Joe Coffey
50%
WWE NXT: Vengeance Day 2023 (Network Exclusive) Steel Cage Match NXT Championship Bron Breakker VS Grayson Waller
49%
WWE NXT: In Your House 2022 (Network Exclusive) Singles Match NXT Championship Bron Breakker VS Joe Gacy
49%
WWE: ECW One Night Stand 2005 Tag Team Match Tommy Dreamer & Sandman VS The Dudley Boyz
49%
WWE NXT TakeOver: San Antonio Singles Match NXT Championship Shinsuke Nakamura VS Bobby Roode
48%
WWE NXT TakeOver: Orlando Singles Match NXT Championship Shinsuke Nakamura VS Bobby Roode
48%
WWE NXT TakeOver: XXX Singles Match NXT Championship Keith Lee VS Karrion Kross
47%
WWE NXT UK TakeOver: Blackpool Singles Match WWE United Kingdom Championship Pete Dunne VS Joe Coffey
46%
WWE United Kingdom Championship (Network Exclusive) Singles Match WWE United Kingdom Championship Pete Dunne VS Zack Gibson
46%
WWE NXT: The Great American Bash (Network Exclusive) Singles Match NXT Championship Carmelo Hayes VS Ilja Dragunov
45%
WWE NXT TakeOver: Phoenix Singles Match NXT Championship Tommaso Ciampa VS Aleister Black
45%
WWF Royal Rumble 1989 30-Man Royal Rumble Match Winner: Big John Studd
43%
WWF WrestleMania 11 Singles Match Lawrence Taylor VS Bam Bam Bigelow
43%
WWE United Kingdom Championship Special (Network Exclusive) Singles Match WWE United Kingdom Championship Tyler Bate VS Mark Andrews
43%
WWE United Kingdom Championship Tournament: Night 1 (Network Exclusive) Singles Match Tyler Bate VS Tucker
43%
WWE Worlds Collide (Network Exclusive) Tournament Final Velveteen Dream VS Tyler Bate
43%
WWE Mae Young Classic Finale (Network Exclusive) Tournament Final Kairi Sane VS Shayna Baszler
37%
WWF King of the Ring 1994 Singles Match "Rowdy" Roddy Piper VS Jerry "The King" Lawler
33%
WWF Survivor Series 1991 3-on-3 Survivor Series Match Big Boss Man & The Legion of Doom vs Irwin R. Schyster & The Natural Disasters
32%
WWE Cruiserweight Classic Finale (Network Exclusive) Tournament Final Inaugural WWE Cruiserweight Championship T.J. Perkins VS Gran Metalik
32%
WWE NXT TakeOver: Stand & Deliver 2021: Night 1 Singles Match NXT Women's Championship Io Shirai VS Raquel Gonzalez
28%
WWE United Kingdom Championship Tournament (Network Exclusive) Tournament Final Travis Banks VS Zack Gibson
16%
No matching quizzes found
Score Distribution
Percent of People with Each Score
Percentile by Number Answered
Your Score History
You have not taken this quiz since the last reset